Dinamismo del empleo en Centro América /

Spremljeno u:
Bibliografski detalji
Glavni autor: Ruíz Mejías, Keynor
Format: Tekst
Teme:
Oznake: Dodaj oznaku
Bez oznaka, Budi prvi tko označuje ovaj zapis!

MARC

LEADER 00000 a a2200000 04500
001 190
003
040
100 |a Ruíz Mejías, Keynor  
245 |a Dinamismo del empleo en Centro América /  |c Keynor Ruíz Mejías 
650 |a EMPLEO  
650 |a DESEMPLEO  
650 |a MERCADO DE TRABAJO  
650 |a ECONOMIA  
650 |a AMERICA LATINA  
773 |g número 17; páginas 3-12  
999 |c 38844  |d 38844 
773 0 |0 42338  |9 3355  |d San José : Asociación de Servicios de Promoción Laboral  |o 03643  |t Actualidad Laboral/  |w (cru CIDCACS/IIS)36190